Software architecture : (Record no. 174707)

000 -LEADER
fixed length control field 00863 a2200193 4500
003 - CONTROL NUMBER IDENTIFIER
control field Nust
005 - DATE AND TIME OF LATEST TRANSACTION
control field 20230529131511.0
010 ## - LIBRARY OF CONGRESS CONTROL NUMBER
LC control number 95049957
040 ## - CATALOGING SOURCE
Transcribing agency Nust
082 00 - DEWEY DECIMAL CLASSIFICATION NUMBER
Classification number 005.11,SHA
100 1# - MAIN ENTRY--PERSONAL NAME
Personal name Shaw, Mary,
9 (RLIN) 94933
245 10 - TITLE STATEMENT
Title Software architecture :
Remainder of title perspectives on an emerging discipline /
Statement of responsibility, etc. Mary Shaw, David Garlan ; [foreword by Barry Boehm].
260 ## - PUBLICATION, DISTRIBUTION, ETC.
Place of publication, distribution, etc. Upper Saddle River, N.J. :
Name of publisher, distributor, etc. Prentice Hall,
Date of publication, distribution, etc. c1996.
300 ## - PHYSICAL DESCRIPTION
Extent xxi, 242 p. :
Other physical details ill. ;
Dimensions 24 cm.
505 ## - FORMATTED CONTENTS NOTE
Formatted contents note Introduction (Page-1), Architectural Styles (Page-19), Case Studies (Page-33), Shared Information Systems (Page-69), Architectural Design Guidance (Page-97),Formal Models & Specification (Page-129), Linguistics Issues (Page-183), Education of Software Architects (Page-213).
650 #0 - SUBJECT ADDED ENTRY--TOPICAL TERM
Topical term or geographic name entry element Software architecture.
9 (RLIN) 29189
700 1# - ADDED ENTRY--PERSONAL NAME
Personal name Garlan, David.
9 (RLIN) 94934
942 ## - ADDED ENTRY ELEMENTS (KOHA)
Koha item type Reference
Source of classification or shelving scheme
Holdings
Withdrawn status Lost status Source of classification or shelving scheme Damaged status Not for loan Permanent Location Current Location Shelving location Date acquired Total Checkouts Full call number Barcode Date last seen Date last checked out Price effective from Koha item type Public note
          Military College of Signals (MCS) Military College of Signals (MCS) Reference 12/12/2016 1 005.11,SHA MCS5596 01/25/2024 09/07/2022 12/12/2016 Reference Almirah No.17, Shelf No.5
          Military College of Signals (MCS) Military College of Signals (MCS) General Stacks 12/12/2016   005.11,SHA MCS5599 12/08/2016   12/12/2016 Book Almirah No.4, Shelf No.1
          Military College of Signals (MCS) Military College of Signals (MCS) General Stacks 08/11/2022   005.11,SHA MCS5597 08/11/2022   08/11/2022 Book Almirah No.4, Shelf No.1
          Military College of Signals (MCS) Military College of Signals (MCS) General Stacks 08/11/2022   005.11,SHA MCS5598 08/11/2022   08/11/2022 Book Almirah No.80, Shelf No.2
© 2023 Central Library, National University of Sciences and Technology. All Rights Reserved.